| 000 | 00874aam a2200349 4500 | ||
|---|---|---|---|
| 005 | 20240319155531.0 | ||
| 008 | 150413b xxu||||| |||| 00| 0 spa d | ||
| 020 | _a9789586007030 | ||
| 041 | _aESP | ||
| 082 | _a658.84 S792v9 | ||
| 100 |
_aStanton, William _912436 |
||
| 100 | _aBuskirk, Richard | ||
| 100 | _aSpiro, Rosann | ||
| 245 | _aVentas: conceptos, planificación y estrategias | ||
| 250 | _a9 edición | ||
| 260 | _aColombia | ||
| 260 | _bMcGraw-Hill | ||
| 260 | _c2002 | ||
| 300 | _a536 páginas | ||
| 650 | _aVENTAS | ||
| 650 | _aEQUIPO DE VENTAS | ||
| 650 | _aPLANIFICACIÓN | ||
| 650 | _aMARKETING | ||
| 650 | _aMOTIVACIÓN | ||
| 650 | _aTÉCNICAS DE SUPERVISIÓN | ||
| 650 | _aPRESUPUESTOS | ||
| 650 | _aRENDIMIENTO DE VENTAS | ||
| 650 | _aÉTICA COMERCIAL | ||
| 650 | _aLIDERAZGO | ||
| 942 |
_cBK _2ddc |
||
| 999 |
_c4564 _d4564 |
||